20 animaux les plus moches du monde - Statistiques

Statistiques générales
  • Ce quiz a été pris 201 fois
  • Le résultat moyen est 5 sur 20
Statistiques - réponses
Par images Réponse % Correct
Dindon
84%
Rat-taupe nu
57%
Blob fish
53%
Axolotl
47%
Nasique
45%
Tarsier
36%
Aye-Aye
29%
Tortue alligator
26%
Requin lutin
23%
Dugong
22%
Crabe des cocotiers
20%
Lamproie marine
19%
Matamata
7%
Cochon des mers
5%
Grenouille violette
5%
Poisson chauve-souris
5%
Condylure à nez étoilé
3%
Uakar
3%
Tatou tronqué
2%
Poisson rouge céleste
1%
Aucun quiz correspondant
Distribution des résultats
% des personnes avec chaque résultat
Percentile par nombre de réponses
Votre historique - résultats
Vous n’avez pas pris ce quiz